Score 0/20 Timer 04:00
0 Plays Today
Mixed Word Word % Correct
OODFFood
97.4%
RSTAStar
96.1%
ERTETree
94.1%
SNANOWMSnowman
93.4%
ATSNA UCALSSanta Claus
93%
LUDOPHRRudolph
91.7%
YBBA SSUJEBaby Jesus
91.4%
AJKC OFSTRJack Frost
91%
CMIHNYEChimney
89.4%
OHTRN LEOPNorth Pole
89.2%
Mixed Word Word % Correct
EGNLAAngel
80.8%
EIERNRDEReindeer
78.4%
RPWPANIG PPAREWrapping Paper
77.7%
AOKESLNFWSnowflake
72%
OWASLNLB ITSHFGSnowball Fights
60%
SHEGILSleigh
58.2%
EERSTPNSPresents
55.2%
OITLMEETSMistletoe
43.8%
EREBDMCEDecember
41.7%
ATNMRNSEOOrnaments
38.1%
Remove Ads.
Support Sporcle.
Get the best of Sporcle when you Go Orange. This ad-free experience offers more features, more stats, and more fun while also helping to support Sporcle. Thank you for becoming a member.

You're not logged in!

Compare scores with friends on all Sporcle quizzes.
OR
Log In

Show Comments

Extras

Top Quizzes Today


Score Distribution

Your Account Isn't Verified!

In order to create a playlist on Sporcle, you need to verify the email address you used during registration. Go to your Sporcle Settings to finish the process.

Report this User

Report this user for behavior that violates our Community Guidelines.

Details: